Fundamentals of Resevoir Engineering / (Record no. 159253)

MARC details
000 -LEADER
fixed length control field 00681nam a2200241 a 4500
008 - FIXED-LENGTH DATA ELEMENTS--GENERAL INFORMATION
fixed length control field
020 ## - INTERNATIONAL STANDARD BOOK NUMBER
International Standard Book Number 044441830x (pbk.)
090 ## - LOCALLY ASSIGNED LC-TYPE CALL NUMBER (OCLC); LOCAL CALL NUMBER (RLIN)
Classification number (OCLC) (R) ; Classification number, CALL (RLIN) (NR) TN871
003 - CONTROL NUMBER IDENTIFIER
control field
005 - DATE AND TIME OF LATEST TRANSACTION
control field 20230123134044.0
040 ## - CATALOGING SOURCE
Transcribing agency NUST
049 ## - LOCAL HOLDINGS (OCLC)
Holding library MAIN
100 1# - MAIN ENTRY--PERSONAL NAME
Personal name DAKE, L. P.
245 10 - TITLE STATEMENT
Title Fundamentals of Resevoir Engineering /
Statement of responsibility, etc. L. P. Dake.
260 ## - PUBLICATION, DISTRIBUTION, ETC.
Place of publication, distribution, etc. Amsterdam :
Name of publisher, distributor, etc. Elsevier Scientific,
Date of publication, distribution, etc. 1983
300 ## - PHYSICAL DESCRIPTION
Extent xv, 443 p. :
Other physical details ill. ;
Dimensions 24cm.
440 ## - SERIES STATEMENT/ADDED ENTRY--TITLE
Title Developments in petroleum science ;
Volume/sequential designation no.8
500 ## - GENERAL NOTE
General note Includes index
650 ## - SUBJECT ADDED ENTRY--TOPICAL TERM
Topical term or geographic name entry element Engineering
650 #1 - SUBJECT ADDED ENTRY--TOPICAL TERM
Topical term or geographic name entry element Petroleum Science
907 ## - LOCAL DATA ELEMENT G, LDG (RLIN)
a .b10170352
b 05-08-05
c 02-08-05
942 ## - ADDED ENTRY ELEMENTS (KOHA)
Koha item type Ordinary Loan Books
Call number prefix TN871
Holdings
Date last seen Total Checkouts Full call number Barcode Cost, replacement price Price effective from Koha item type Lost status Source of classification or shelving scheme Damaged status Not for loan Collection Withdrawn status Home library Current library Shelving location Date acquired Cost, normal purchase price
01/23/2023   TN871 DAK 92003018599 80.00 01/23/2023 BOOKS   LCC     NFIC   MAIN MAIN GEN 01/23/2023 80.00